| 000 | 00412nam a22001697a 4500 | ||
|---|---|---|---|
| 003 | CEME | ||
| 005 | 20210628205422.0 | ||
| 008 | 210316b xxu||||| |||| 00| 0 eng d | ||
| 020 | _a81-7029-913-6 | ||
| 040 | _c. | ||
| 082 | _a620.0042 OMU'M | ||
| 100 |
_aOmura, George _951943 |
||
| 245 | _aMastering autocad 14 | ||
| 260 |
_aNEW DELHI _bBPB PUBLICATIONS _c1997 |
||
| 300 | _aXXXVI, 1274P | ||
| 942 |
_cBK _2ddc |
||
| 999 |
_c580875 _d580875 |
||